Culture Générale - Série 1190 - Statistiques

Statistiques générales
  • Ce quiz a été pris 82 fois
  • Le résultat moyen est 4 sur 10
Statistiques - réponses
Question Réponse % Correct
Ancien urinoir public pour hommes, qui doit son nom à un empereur romain vespasienne
61%
Elle peut être "fario" ou "arc en ciel" truite
57%
Quelle déesse grecque est identifiée à Minerve chez les Romains ? Athéna
55%
De quelle nationalité est le chanteur Leonard Cohen ? canadienne
51%
Linge mouillé utilisé pour repasser à la vapeur, que l'on place entre le fer et le tissu à repasser. pattemouille
41%
C'est une ville du département des Vosges, qui s'appelle .... l'Etape Raon
36%
Quelle Communauté autonome espagnole a pour capitale Pampelune ? Navarre
26%
Comment appelle-t-on le délire d'une personne qui se croit transformée en loup ? lycanthropie
19%
Dans quelle comédie de Georges Lautner, Jean Lefebvre interprète-t-il Léonard Michalon aux côtés de Lino Ventura ? Ne nous fâchons pas
9%
Quel chanteur français a commencé sa carrière comme guitariste solo du groupe "El Toro et les Cyclones" ? Jacques Dutronc
5%
Aucun quiz correspondant
Distribution des résultats
% des personnes avec chaque résultat
Percentile par nombre de réponses
Votre historique - résultats
Vous n’avez pas pris ce quiz